000 00287nam a22001337a 4500
008 181017b xxu||||| |||| 00| 0 eng d
020 _a9780813429090
041 _aeng
080 _22nd
_a591
100 _a7
101 _aZOO
245 _aAnimal Health
_cGreer,W.J
942 _2udc
_cBK
999 _c50035
_d50035